Widok standardowy
Widok MARC
Pozycja Geographic Name
Liczba rekordów, w których użyto hasła: 1
001 - Numer kontrolny
- control field: 40997
003 - Identyfikator numeru kontrolnego
- control field: NUKAT
005 - Data i czas ostatniej modyfikacji
- control field: 20260430111236.0
008 - Dane kontrolne kodowane (40 znaków)
- fixed length control field: 050119n||azznnbabn |a ana |
010 ## - Numer kontrolny Biblioteki Kongresu
- numer kontrolny LC: p 2004403020
035 ## - Numer systemowy
- numer systemowy: a10163001
035 ## - Numer systemowy
- numer systemowy: (PL)a0000001016300
040 ## - Instytucja sporządzająca rekord
- inst. przygot. dane do rek. khw: WA N
- język haseł przedmiotowych/tezaurus: DBN
- inst. wprow. rek. khw: WA N
043 ## - Kod obszaru geograficznego
- ISO code: PL
151 ## - Hasło - nazwa geograficzna
- nazwa geograficzna: Kujawy
368 ## - Other Attributes
- Juris type: Krainy historyczne
368 ## - Other Attributes
- Juris type: Regiony
550 ## - Trop zob. też - nazwa pospolita
- nazwa posp. lub nazwa geogr. na pocz.: Haft kujawski
550 ## - Trop zob. też - nazwa pospolita
- nazwa posp. lub nazwa geogr. na pocz.: Koza (obrzęd)
550 ## - Trop zob. też - nazwa pospolita
- nazwa posp. lub nazwa geogr. na pocz.: Kuchnia kujawska
550 ## - Trop zob. też - nazwa pospolita
- nazwa posp. lub nazwa geogr. na pocz.: Przywołówki (obrzęd)
550 ## - Trop zob. też - nazwa pospolita
- nazwa posp. lub nazwa geogr. na pocz.: Szlak Piastowski
551 ## - Trop zob. też - nazwa geograficzna
- nazwa geograficzna: Kraj Warty (1939-1945)
670 ## - Źródło informacji
- źródło informacji: SGKP